| 000 | 00332cam a2200133ua 4500 | ||
|---|---|---|---|
| 999 |
_c1800 _d1800 |
||
| 020 | _a0 19 561194 2 | ||
| 082 |
_a637.14 _bSUK/OU |
||
| 100 |
_aSukumar de, . _91580 |
||
| 245 | _aOutlines of dairy technology / | ||
| 250 | _a1 / | ||
| 260 |
_aDelhi : _bOxford University Press , _c1992. |
||
| 300 |
_a539 : _b` ; . |
||
| 942 | _cBK | ||